| 000 | 01451cam a22004214i 4500 | ||
|---|---|---|---|
| 003 | PE-LiUPU | ||
| 005 | 20250731172929.0 | ||
| 008 | 150617s1987 xxu r 000 0 eng d | ||
| 035 | _a(Sirsi) a204286 | ||
| 040 |
_aPE-LiUPU _bspa _cPE-LiUPU _erda |
||
| 049 | _aPRUA | ||
| 082 | 0 | 4 |
_a253.088042 _bR59 _221 |
| 100 | 1 |
_aRhodes, Lynn N., _eautor. |
|
| 245 | 0 | 4 |
_aCo-creating : _bA feminist vision of ministry / _cLynn N. Rhodes. |
| 264 | 1 |
_aPhiladelphia : _bWestminster, _c1987. |
|
| 300 |
_a132 páginas ; _c20 cm. |
||
| 336 |
_atext _2rdacontent |
||
| 337 |
_aunmediated _2rdamedia |
||
| 338 |
_avolume _2rdacarrier |
||
| 505 | 2 | _aWhy feminist ministry? -- By what authority? -- Salvation as new creation -- Misision: Justice and solidarity -- Vocation: Meaningful work -- Feminist ministry: Vision of friendship and solidarity. | |
| 526 | _aSEG42 | ||
| 526 | _aSEG41 | ||
| 526 | _aSEG40 | ||
| 526 | _aSEG39 | ||
| 526 | _aP94 | ||
| 526 | _aP87 | ||
| 526 | _aP86 | ||
| 526 | _aP85 | ||
| 526 | _aP77 | ||
| 526 | _aP76 | ||
| 526 | _aP35 | ||
| 650 | 0 | 4 |
_aMinisterio _xFeminista |
| 942 |
_2ddc _cBOOK |
||
| 994 |
_aC0 _bPEPRU |
||
| 596 | _a1 | ||
| 999 |
_a253.088042 R59 _wLC _c20654 _i76066 _f2021-11-10 _g4 _lCCODEBUL1 _mBUL _p10.00 _r0 _sY _tBOOK _u2017-6-7 _xTEOLOGIA _PP85 _0DONACION _o.STAFF. Colección Teología _d20654 |
||
| 980 |
_81 _gALBERTO SANCHEZ Responsable de Automatización |
||